| 000 | 00564nam a22001577a 4500 | ||
|---|---|---|---|
| 999 |
_c534894 _d534894 |
||
| 020 | _qHard Cover. | ||
| 082 | _a620.005 | ||
| 100 | _aJaved, Waqas | ||
| 245 |
_aDevelopment of Risk Assessment and Management Model for Construction of DAMS : _bA Case Study for Diamer Bhasha Dam _cWaqas Javed. |
||
| 260 |
_aIslamabad : _bCEME - NUST, _c2012. |
||
| 300 |
_axii, 94 p. : ill. ; _c30cm. |
||
| 942 |
_2ddc _cTHE |
||
| 650 |
_aMS Thesis Engineering Management _925793 |
||
| 700 |
_aDr. Syed Athar Masood. _929301 |
||